[Event "TUR Cup"]
[Site "Ankara"]
[Date "2021.12.08"]
[Round "1"]
[White "Buyuk, Melike"]
[Black "Hasturk, Yusuf"]
[Result "0-1"]
[WhiteElo "1038"]
[BlackElo "1849"]
[PlyCount "56"]
[EventDate "2021.12.08"]
[EventType "swiss"]
[EventRounds "9"]
[EventCountry "TUR"]
[SourceTitle "CBM 205 Extra"]
[Source "ChessBase"]
[SourceDate "2022.01.31"]
[SourceVersion "1"]
[SourceVersionDate "2022.01.31"]
[SourceQuality "1"]

1. e4 c5 2. Nf3 Nc6 3. d4 cxd4 4. Nxd4 Nf6 5. Nc3 e5 6. Nf3 h6 7. a3 Be7 8. Bc4 0-0 9. 0-0 d6 10. h3 Be6 11. Bxe6 fxe6 12. Be3 d5 13. exd5 exd5 14. Ne2 d4 15. Bc1 Qd7 16. Re1 Rad8 17. Ng3 Bd6 18. c3 dxc3 19. bxc3 e4 20. Qb3+ Kh8 21. Nxe4 Nxe4 22. Rxe4 Rxf3 23. gxf3 Qxh3 24. Bf4 Qxf3 25. Qc4 Qh5 26. Bxd6 Rxd6 27. Re8+ Qxe8 28. f4 Qg6+ 0-1